|
|
แสดงรายละเอียดบรรณานุกรม |
|
|
Brief Record
: Get Marc (ISO 2709)
: E-mail record
: |
| LEADER 00000nam 2200000uu 4500 | |||
| 008 140103s2555||||th 000 0 tha d | |||
| 041 0 ^atha^beng | |||
| 060 4 ^aวพ GR885 ส856ศ 2555 | |||
| 100 0 ^aสุระศักดิ์ หวานแท้,พระ | |||
| 245 00 ^aรายงานวิทยานิพนธ์ เรื่อง ศึกษาวิเคราะห์กลอนลำของหมอลำเคน ดาเหลา เชิงสุนทรียศาสตร์/^bพระสุระศักดิ์ หวานแท้ | |||
| 260 ^aขอนแก่น : ^bมหาวิทยาลัยขอนแก่น,^c2555 | |||
| 300 ^a196 หน้า. | |||
| 502 ^aวิทยานิพนธ์ (ศ.ม.) - - สาขาวิชาปรัชญา บัณฑิตวิทยาลัย มหาวิทยาลัยขอนแก่น,2555 | |||
| 650 4 ^aกลอนลำ | |||
| 650 4 ^aหมอลำ | |||
| 650 0 ^aหมอลำ ^xพุทธศาสนา | |||
| 999 ^aใช้งานได้ทุกระบบ | |||
| คุณยังไม่ได้ล็อกอิน คุณสามารถมีกิจกรรมร่วมกับเว็บไซต์ได้ แต่ต้องล็อกอินก่อน :: |
|
| สถานะ | |||||||||
| 1. | วิทยานิพนธ์ | วพ GR885 ส856ศ 2555 | On Shelf ขอยืม | ||||||
| [แสดง 1/1 รายการ] | |||||||||
| รายการใกล้เคียง หัวเรื่อง [หมอลำ]
|
BibComment |
| คอมเมนท์ทรัพยากรรายการนี้ |
|
|